| 000 | 00000nam 2200000zi 4500 |
| 001 | 9.936292 |
| 003 | CaOODSP |
| 005 | 20240913080500 |
| 006 | m o d f |
| 007 | cr mn||||||||| |
| 008 | 240403e202403 onc ob f000 0 fre d |
| 020 | |a9780660711447 |
| 040 | |aCaOODSP|bfre|erda|cCaOODSP |
| 043 | |an-cn--- |
| 045 | |ay2y2 |
| 086 | 1 |aJ79-34/2024F-PDF |
| 245 | 00|aAudit des valeurs et de l'éthique / |cDivision de l'audit interne et de l'évaluation. |
| 264 | 1|a[Ottawa] : |bPublic Prosecution Service of Canada = Service des poursuites pénales du Canada, |cmars 2024. |
| 264 | 4|c©2024 |
| 300 | |a1 ressource en ligne (7 pages) |
| 336 | |atexte|btxt|2rdacontent/fre |
| 337 | |ainformatique|bc|2rdamedia/fre |
| 338 | |aressource en ligne|bcr|2rdacarrier/fre |
| 500 | |aPublié aussi en anglais sous le titre : Audit of values and ethics. |
| 504 | |aComprend des références bibliographiques. |
| 610 | 26|aService des poursuites pénales du Canada|xAudit. |
| 610 | 26|aService des poursuites pénales du Canada|xFonctionnaires|xDéontologie. |
| 650 | 6|aFonctionnaires|xDéontologie|zCanada. |
| 710 | 2 |aService des poursuites pénales du Canada. |bDivision de l'audit interne et de l'évaluation, |eorganisme de publication. |
| 775 | 08|tAudit of values and ethics / |w(CaOODSP)9.936291 |
| 856 | 40|qPDF|s461 Ko|uhttps://publications.gc.ca/collections/collection_2024/sppc-ppsc/J79-34-2024-fra.pdf |
| 856 | 4 |qHTML|sS.O.|uhttps://www.ppsc-sppc.gc.ca/fra/pub/ave-ave/2024/index.html |